000 00940nam a2200193 a 4500
001 51997
005 20190322122850.0
008 140415s2007 mx 000 0 spa d
020 _a9789707709232
041 _aspa
082 _a320.97206
_bSCH
100 1 _aSCHETTINO, MACARIO
245 1 0 _aCIEN AÑOS DE CONFUSION :
_bMEXICO EN EL SIGLO XX
250 _a1a ed.
260 _aMEXICO :
_bSANTILLANA EDICIONES GENERALES, S.A. DE C.V.,
_c2007
300 _a87
_c15.1 x 3.5 x 23.8
520 _aGRACIAS AL EXAMEN DETALLADO DE LA CUESTION AGRARIA, LOS MOVIMIENTOS OBREROS Y ESTUDIANTILES, LAS GUERRILLAS, EL NACIONALISMO, EL LIBERALISMO Y EL CORPORATIVISMO, ENTRE OTROS ASPECTOS DE LA REALIDAD MEXICANA, SCHETTINO ARTICULA UNA FINA CRITICA A LAS POLITICAS PUBLICAS Y LAS LUCHAS ELECTORALES DEL PASADO INMEDIATO.
650 1 4 _aECONOMIA
_xMEXICO
_xHISTORIA
_xMEXICO
_xHISTORIA
_xREVOLUCION VILLISTA, 1914
_x1920
_xPOLITICA
_xMEXICO
_xHISTORIA
_xSIGLO XIX
999 _c51997
_d51997